00589 2200217 4500001002100000005001500021035002000036007000300056008004100059020002200100082001200122084001800134100001800152245006900170250001000239260005000249300003100299650002100330990000900351990001100360INLIS00000000000015920180207103832 a0010-0917000145ta180207 f 0 ind  a978-979-1409-15-5 a297.633 a297.633 BAS m0 aKHABIB.Basori1 aMuamalat :bSeri Tuntunan Praktis Ibadah /cKhabib Basori, SH. I acet.1 aJogjakarta :bPT. Pustaka Insan Madani,c2007 aiv,108 hlm ;c15 x 21,5 cm aPendidikan Islam a2002 a2002 a